000 00594nam a2200169 a 4500
008 120416s1978 ||||||||||||||||| || u
020 _a0905440323
050 _aZ 278 Ath
100 _aAtherton, Judith
245 1 0 _aManagement of professional information services
260 _aBradford
_bMCB
_c1978
300 _a[8] 51p. : ill.
350 _a0.00
650 _aPublishers and publishing - Management - Case studies
650 3 _aPUBLISHING
995 _D0.00
_FCBU-MAIN LIBRARY (Kitwe)
_H1
_I8.20
_M1
_UDAMAGED
_ZMain Library Open Access Collection
999 _c49987
_d49987